000
00231nam a2200097Ia 4500
008
190216s9999||||xx |||||||||||||| ||und||
100
_a
Gandhi Mk
245
0
_a
My Varna Shrama Dharma
260
_b
Bharatiya Vidya Bhavan
942
_c
BK
999
_c
12076
_d
12076